000 00993nam a2200265Ia 4500
003 OSt
005 20221005104852.0
006 a|||||r|||| 00| 0
007 ta
008 221004b |||||||| |||| 00| 0 hin d
020 _a9788177213720 (hbk)
_cINR 900.00
024 _a66193
037 _bGV727, 11/03/2020, Vani Prakashan
_cTextual
040 _aCRL
_cCRL
_bhin
041 _2hin
_ahin
082 _az7, 152Q8
100 _aगिरी, रामजी, ‘विश्वमित्र’, ले.
_9623840
245 0 _aराष्ट्रगीता
246 _aRāṣhṭragītā
260 _aदिल्ली
_bसत्साहित्य प्रकाशन भारत
_c2018
300 _a566पृ0
_ccm.
650 _aसामान्य ज्ञान
942 _hz7, 152Q8
_cTEXL
_2cc
999 _c1014033
_d1014033